000 00600nam a2200229Ia 4500
001 Z_5856
008 220601s9999 xx 000 0 und d
020 _a978978-0-716749837
082 _a598 G4
100 _aGill, Frank B.
_948005
245 _aOrnithology / Frank B. Gill
250 _a3 ed.
260 _aNew York : Freeman
300 _a758 p. ;ilus.
503 _a248072
650 _a1. Aves - Fisiología y morfología 2. OrnitologíaÌ
901 _a598 G4
902 _aA
905 _a0000002007 0000000000 00
942 _c1
999 _c217017
_d217017